000 02391cam a2200337 a 4500
001 14863259
003 OSt
005 20180116192408.0
008 070524s2009 enkaeh | 00| 0 eng
010 _a 2007021591
020 _a9780415423298 (pb : alk. paper)
020 _a0415423295 (pb : alk. paper)
035 _a(OCoLC)138340553
035 _a(OCoLC)ocn138340553
040 _aDLC
_cDLC
_dYDX
_dBTCTA
_dBAKER
_dYDXCP
_dOCLCG
_dBWK
_dBWX
_dDLC
050 0 0 _aHT166
_b.M2593 2009
082 0 0 _a711.4 MAR 2009
_222
100 1 _aMarshall, Stephen,
_d1967-
_91102
245 1 0 _aCities design and evolution /
_cStephen Marshall.
260 _aAbingdon, Oxon ;
_aNew York, NY :
_bRoutledge,
_c2009.
300 _axiii, 342 p. :
_bill., facisms., plans ;
_c21 cm.
504 _aIncludes bibliographical references( p.[307]-330 ) and index.
505 0 _aIntroduction -- Planning at the crossroads -- Understanding urbanism -- Learning from science and nature -- This book -- Cities, planning and modernism -- City planning -- Modernist city planning -- Post-modern urbanism -- Conclusions -- Articulating urban order -- Urban units -- Urban syntax -- The nature of urban order -- Conclusions -- The social logic of urban order -- Buildings -- Cities -- The streets -- Conclusions -- The kind of thing a city is -- Metaphors and models -- Emerging perspectives -- The city as ecosystem -- Conclusions -- Emergence and evolution -- Emergence -- Evolution -- Conclusions -- Emergent urban order -- Urban emergence -- Street patterns -- City forms -- Conclusions -- Cities in evolution -- The evolution of cities -- Modernism in evolution -- 21st century evolving urbanism -- Planning, design and evolution -- Creation, development or evolution -- Space, time and civics -- An evolutionist approach -- Conclusions -- Understanding cities and urbanism -- Implications for practice and research -- Reflections on evolution -- Beyond cities, design and evolution.
650 0 _aCity planning.
_91103
650 0 _aCities and towns.
_91104
856 4 1 _3Table of contents only
_uhttp://www.loc.gov/catdir/toc/ecip0719/2007021591.html
906 _a7
_bcbc
_corignew
_d1
_eecip
_f20
_gy-gencatlg
942 _2ddc
_cBK
999 _c353471
_d353471